<?xml version="1.0" encoding="UTF-8"?>
<record
    xmlns:xsi="http://www.w3.org/2001/XMLSchema-instance"
    xsi:schemaLocation="http://www.loc.gov/MARC21/slim http://www.loc.gov/standards/marcxml/schema/MARC21slim.xsd"
    xmlns="http://www.loc.gov/MARC21/slim">

  <leader>02078    a2200229   4500</leader>
  <controlfield tag="001">28036</controlfield>
  <controlfield tag="005">20260407155552.0</controlfield>
  <controlfield tag="008">260407a1954    arg                 spa d</controlfield>
  <controlfield tag="003">AR-UNSa-BCEJYS</controlfield>
  <datafield tag="040" ind1=" " ind2=" ">
    <subfield code="a">AR-UNSa-BCEJYS</subfield>
    <subfield code="b">spa</subfield>
    <subfield code="c">AR-UNSa-BCEJYS</subfield>
  </datafield>
  <datafield tag="080" ind1=" " ind2=" ">
    <subfield code="a">347.73</subfield>
    <subfield code="x">Organizaciones comerciales. Derecho financiero (t&#xED;tulos de cr&#xE9;dito)</subfield>
  </datafield>
  <datafield tag="245" ind1="1" ind2="0">
    <subfield code="a">Operaciones de bolsa y de banca</subfield>
    <subfield code="p">estudios jur&#xED;dicos</subfield>
  </datafield>
  <datafield tag="250" ind1=" " ind2=" ">
    <subfield code="a">2a. ed.</subfield>
  </datafield>
  <datafield tag="264" ind1=" " ind2="1">
    <subfield code="a">Barcelona :</subfield>
    <subfield code="b">Bosch</subfield>
    <subfield code="c">1954</subfield>
  </datafield>
  <datafield tag="300" ind1=" " ind2=" ">
    <subfield code="a">xx, 472 p.</subfield>
    <subfield code="c">25 cm.</subfield>
  </datafield>
  <datafield tag="505" ind1=" " ind2=" ">
    <subfield code="a">1. El contrato de bolsa al contador &#x2013; 2. Estructura y disciplina del contrato &#xB4;firme&#xB4; a plazo &#x2013; 3. El negocio diferencial impropio &#x2013; 4. Pr&#xF3;logo a un estudio sobre los contratos de bolsa &#x201C;a premio &#x201C;. (a mercado libre) &#x2013; 5. Notas sobre arbitrajes de bolsa y banca &#x2013; 6. El reporte sobre cuota de sociedad de responsabilidad limitada &#x2013; 7. La suerte de los derechos accesorios en el contrato de reporte &#x2013; 8. El art&#xED;culo 76 de la ley de quiebras y la resoluci&#xF3;n del contrato de reporte &#x2013; 9. Reporte y mutuo contra pignoraci&#xF3;n de t&#xED;tulos &#x2013; 10. Reporte y anticipo sobre t&#xED;tulos &#x2013; 11. Reporte y anticipo sobre t&#xED;tulos &#x2013; 12. La pr&#xF3;rroga del contrato a plazo &#x2013; 13. Reporte con tradici&#xF3;n de t&#xED;tulos y reporte-pr&#xF3;rroga &#x2013; 14. Intervenci&#xF3;n de tercero en el cumplimiento de un contrato a plazos y reporte-pr&#xF3;rroga &#x2013; 15. El reporte-pr&#xF3;rroga y el c&#xF3;digo civil vigente &#x2013; 16. Figuras an&#xF3;malas en el reporte &#x2013; 17. El comodato bancario &#x2013; 18. Contenido y caracteres jur&#xED;dicos de la apertura de cr&#xE9;dito &#x2013; 19. El anticipo sobre valores mobiliarios y mercanc&#xED;as &#x2013; 20. Anticipaci&#xF3;n y apertura de cr&#xE9;dito, seg&#xFA;n el c&#xF3;digo civil vigente &#x2013; 21. La naturaleza jur&#xED;dica del contrato de descuento despu&#xE9;s de la reforma del c&#xF3;digo civil &#x2013; 22. Naturaleza jur&#xED;dica de las operaciones de cr&#xE9;dito fundiario &#x2013; 23. Fiadur&#xED;a prestada por una sociedad frente a un banco. </subfield>
  </datafield>
  <datafield tag="041" ind1=" " ind2=" ">
    <subfield code="a">spa</subfield>
  </datafield>
  <datafield tag="942" ind1=" " ind2=" ">
    <subfield code="c">BK</subfield>
  </datafield>
  <datafield tag="590" ind1=" " ind2=" ">
    <subfield code="a">niveau_biblio:m niveau_hierar:0</subfield>
  </datafield>
  <datafield tag="100" ind1="1" ind2=" ">
    <subfield code="a">Montella, R. Gay de</subfield>
  </datafield>
  <datafield tag="700" ind1="1" ind2=" ">
    <subfield code="a">Messineo, Francesco</subfield>
  </datafield>
  <datafield tag="999" ind1=" " ind2=" ">
    <subfield code="c">1636</subfield>
    <subfield code="d">1636</subfield>
  </datafield>
  <datafield tag="952" ind1=" " ind2=" ">
    <subfield code="0">0</subfield>
    <subfield code="1">0</subfield>
    <subfield code="4">0</subfield>
    <subfield code="7">0</subfield>
    <subfield code="a">BCEJYS</subfield>
    <subfield code="b">BCEJYS</subfield>
    <subfield code="c">16</subfield>
    <subfield code="d">2026-04-07</subfield>
    <subfield code="l">0</subfield>
    <subfield code="o">347.73 M585 2ed.</subfield>
    <subfield code="p">L22759</subfield>
    <subfield code="r">2026-04-07 15:55:52</subfield>
    <subfield code="w">2026-04-07</subfield>
    <subfield code="y">L</subfield>
  </datafield>
</record>
